000 00376nam a2200133Ia 4500
008 230917s9999||||xx |||||||||||||| ||und||
040 _e96519
_aMAIN
041 _aEnglish
082 _a617 S81C
100 _aSatyavir Singh
245 0 _aComtemporary evaluation of factors influencing mortality and modbidity in typhoid enteric perforations
300 _a82 p.
942 _cTH
999 _c88689
_d88689